000
00317nam a2200133Ia 4500
008
160319s9999 xx 000 0 und d
245
_a
Montessori:
245
_b
Living Pages /
260
_b
Software Holding Inc.
260
_c
1995
300
_a
videodisc :
300
_b
sound, colored ;
300
_c
4 3/4 in.
999
_c
292720
_d
292720